| 000 | 01028nam a2200253Ia 4500 | ||
|---|---|---|---|
| 001 | 18381 | ||
| 003 | GE_BSU | ||
| 008 | 181216s||||||||xx |||||||||||||| ||und|| | ||
| 020 | _a978-9941-10-972-0 | ||
| 040 | _cGE_BSU | ||
| 080 | _a34(100)(09)(075) | ||
| 100 | _aგარიშვილი, მარინა. ხოფერია,მარიამ | ||
| 245 | _aსაზღვარგარეთის ქვეყნების სამართლის ისტორია | ||
| 245 | _bსახელმძღვანელო | ||
| 260 | _aთბილისი | ||
| 260 | _bმერიდიანი | ||
| 260 | _c2014 | ||
| 300 | _a712 გვ. ; 20 სმ. | ||
| 300 | _eბიბლიოგრ.: გვ. 709-710 და ტექსტის შენიშვნებში. | ||
| 541 | _h32ლ. | ||
| 653 | _aსაზღვარგარეთის ქვეყნების სამართლის ისტორია | ||
| 653 | _aსამართალი | ||
| 942 | _cBK | ||
| 999 |
_c51396 _d51396 |
||